8 Conferencies sobre Catalunya / (Record no. 46443)

MARC details
000 -LEADER
campo de control de longitud fija 00478nam a2200169 i 4500
001 - NÚMERO DE CONTROL
campo de control 46443
003 - IDENTIFICADOR DE NÚMERO DE CONTROL
campo de control ES-MaACL
005 - FECHA Y HORA DE LA ÚLTIMA TRANSACCIÓN
campo de control 20240129180129.0
007 - CAMPO FIJO DE DESCRIPCIÓN FÍSICA--INFORMACIÓN GENERAL
campo de control de longitud fija t|
008 - DATOS DE LONGITUD FIJA--INFORMACIÓN GENERAL
campo de control de longitud fija 030328s1971 sp ||||1| cat d
245 00 - MENCIÓN DEL TÍTULO
Título 8 Conferencies sobre Catalunya /
Mención de responsabilidad, etc. Joan Corominas ... [et al.].
260 ## - PUBLICACIÓN, DISTRIBUCIÓN, ETC.
Lugar de publicación, distribución, etc. [Barcelona] :
Nombre del editor, distribuidor, etc. Proa,
Fecha de publicación, distribución, etc. [1971]
300 ## - DESCRIPCIÓN FÍSICA
Extensión 236 p. ;
Dimensiones 24 cm.
700 1# - ENTRADA AGREGADA--NOMBRE PERSONAL
Nombre de persona Coromines, Joan,
Fechas asociadas al nombre 1905-1997
9 (RLIN) 40667
852 ## - LOCALIZACIÓN
Ubicación ES-MaACL
Número de control de estantería C-43319
Sublocalización o colección R.80365
Holdings
Estatus retirado Estado de pérdida Estado de daño No para préstamo Biblioteca de origen Biblioteca actual Ubicación en estantería Fecha de adquisición Fuente de adquisición Total de préstamos Signatura topográfica completa Código de barras Visto por última vez Precio de reemplazo Tipo de ítem Koha
        Biblioteca del Ateneo de Madrid Biblioteca del Ateneo de Madrid Depósito 2 17/01/2008     C-43319 1048844 23/02/2023 23/02/2023 Libro impreso